| 000 | 00000nam##2200000za#4500 |
| 001 | 9.651881 |
| 003 | CaOODSP |
| 005 | 20241203113635 |
| 007 | ta |
| 008 | 150407|2010||||xxc||||| f|0| 0 eng|d |
| 020 | |a978-1-100-14859-5 |
| 040 | |aCaOODSP|beng |
| 043 | |an-cn--- |
| 086 | 1 |aEn56-228/2010E |
| 110 | 1 |aCanada. |bEnvironment Canada. |
| 245 | 10|aWeatheradio : |bweather warnings when you need them, weather information all the time |
| 260 | |bEnvironment Canada |c[2010]. |
| 300 | |a[4]p. : |bcoloured map ; |c28 cm. |
| 563 | |aPamphlet |
| 590 | |a10-08|b2010-02-26 |
| 690 | 07|aWeather warnings|2gcpds |
| 775 | 08|tRadiométéo : |w(CaOODSP)9.684876 |
| 776 | 0#|tWeather radio : |w(CaOODSP)9.693096 |